000 00561nam a2200205Ia 4500
003 OSt
005 20250304114815.0
008 210210b1973 xxu||||| |||| 00| 0 eng d
040 _cAL
041 _ahin
082 _aH891.8 DUBH
100 _aDUBE (Shukdev):
_9203690
110 _bदुबे शुखदेव
_9203691
245 _aHamare vaijnanik:
_bहमारे वैज्ञानिक
260 _aIlahabad
_bJvalprasad Vidyasagar
_c1973
300 _a137
690 _aHindi Miscellaneous
_9203692
906 _a030803
942 _2ddc
_cBK
999 _c81912
_d81912